[Event "6. Torneo Aficionados Bali - Sub-2000"]
[Site "Benidorm ESP"]
[Date "2007.12.01"]
[Round "2.7"]
[White "Vasques, Jose Mesquita"]
[Black "Sanz Garcia, Roberto"]
[Result "0-1"]
[WhiteElo "1907"]
[BlackElo "1937"]
[PlyCount "98"]
[EventDate "2007.11.30"]
[EventType "swiss"]
[EventRounds "9"]
[EventCountry "ESP"]
[Source "lmi"]
[SourceDate "2007.11.30"]

1. Nf3 c5 2. c4 Nc6 3. d3 g6 4. g3 Bg7 5. Bg2 d6 6. O-O Nf6 7. Nc3 Bg4 8. h3
Bd7 9. Bd2 Qc8 10. Kh2 h5 11. Rh1 Nh7 12. Rb1 Ne5 13. Nxe5 Bxe5 14. f4 Bg7 15.
e4 e5 16. Nd5 Nf6 17. Kg1 Nxd5 18. exd5 Bf5 19. Qf1 Qd7 20. fxe5 Bxe5 21. Bc3
Bxc3 22. bxc3 O-O-O 23. Be4 Bxe4 24. dxe4 Rhe8 25. Qf3 Re5 26. Re1 Rde8 27. Rf1
f5 28. exf5 Rxf5 29. Qd3 Rxf1+ 30. Qxf1 Qe7 31. Rh2 Qe3+ 32. Rf2 Qxg3+ 33. Kh1
Qxc3 34. Rf8 Qe5 35. Qf7 Qe4+ 36. Kh2 Rxf8 37. Qxf8+ Kc7 38. Qg7+ Kd8 39. Qf8+
Kd7 40. Qf7+ Qe7 41. Qxg6 Qe2+ 42. Kg1 Qd1+ 43. Kh2 Qd2+ 44. Kg1 Qc1+ 45. Kh2
Qb2+ 46. Kg1 Qa1+ 47. Kh2 Qxa2+ 48. Qg2 Qxg2+ 49. Kxg2 a5 0-1

[Event "6. Torneo Aficionados Bali - Sub-2000"]
[Site "Benidorm ESP"]
[Date "2007.12.01"]
[Round "2.8"]
[White "Olmos Rosa, Fernando"]
[Black "Gil Quilez, Sonia"]
[Result "0-1"]
[WhiteElo "1855"]
[BlackElo "1935"]
[PlyCount "104"]
[EventDate "2007.11.30"]
[EventType "swiss"]
[EventRounds "9"]
[EventCountry "ESP"]
[Source "lmi"]
[SourceDate "2007.11.30"]

1. e4 c6 2. Nc3 d5 3. Nf3 Bg4 4. Be2 e6 5. d3 Bd6 6. h3 Bxf3 7. Bxf3 Nd7 8. d4
dxe4 9. Nxe4 Bb8 10. b3 Ngf6 11. Bb2 Qa5+ 12. Qd2 Qf5 13. Qd3 Nd5 14. Nc5 Qxd3
15. Nxd3 O-O 16. c4 Nf4 17. Nxf4 Bxf4 18. O-O Rad8 19. Rad1 a5 20. d5 exd5 21.
cxd5 c5 22. Rfe1 Bd6 23. g3 Rfe8 24. Kf1 Nb8 25. Be2 Nd7 26. Bb5 Rxe1+ 27. Kxe1
Nb6 28. Rd3 f6 29. Ke2 Nc8 30. Kf3 Na7 31. a4 Nxb5 32. axb5 b6 33. Bc1 Kf7 34.
Bf4 Bxf4 35. Kxf4 Rd6 36. Ke4 Ke7 37. h4 Rd7 38. h5 Kd6 39. Kf5 Re7 40. f4 Rf7
41. Rd2 Re7 42. Rd3 Re8 43. h6 gxh6 44. Kxf6 Rg8 45. Kf5 h5 46. Rc3 Rf8+ 47.
Kg5 Kxd5 48. Kxh5 Rf6 49. Kg5 Rg6+ 50. Kf5 Kd4 51. Rc4+ Ke3 52. Rc3+ Kd4 0-1

[Event "6. Torneo Aficionados Bali - Sub-2000"]
[Site "Benidorm ESP"]
[Date "2007.12.01"]
[Round "2.9"]
[White "Buscaglia, Claudio"]
[Black "Valladolid Martin, Francisco Jo"]
[Result "1-0"]
[WhiteElo "1991"]
[BlackElo "1954"]
[PlyCount "53"]
[EventDate "2007.11.30"]
[EventType "swiss"]
[EventRounds "9"]
[EventCountry "ESP"]
[Source "lmi"]
[SourceDate "2007.11.30"]

1. e4 c5 2. d3 Nc6 3. f4 g6 4. Nf3 Bg7 5. Be2 e6 6. c3 d5 7. O-O Nge7 8. Be3 d4
9. cxd4 Nxd4 10. Nc3 Nec6 11. e5 Bf8 12. Ne4 Be7 13. Nfd2 b6 14. Nc4 Nf5 15.
Bf2 h6 16. Bf3 Bb7 17. a4 Nb4 18. Ned6+ Nxd6 19. exd6 Bxf3 20. dxe7 Qxd3 21.
Qxf3 Qxf3 22. gxf3 Nd3 23. Bh4 f6 24. Bxf6 Rg8 25. Nd6+ Kd7 26. e8=Q+ Raxe8 27.
Nxe8 1-0

[Event "6. Torneo Aficionados Bali - Sub-2000"]
[Site "Benidorm ESP"]
[Date "2007.12.01"]
[Round "2.11"]
[White "Quintino, Luis Filipe Pires D"]
[Black "Casamitjana Nuñez, Andres"]
[Result "1-0"]
[WhiteElo "1989"]
[BlackElo "1896"]
[PlyCount "31"]
[EventDate "2007.11.30"]
[EventType "swiss"]
[EventRounds "9"]
[EventCountry "ESP"]
[Source "lmi"]
[SourceDate "2007.11.30"]

1. d4 Nf6 2. Bg5 h6 3. Bh4 d5 4. Nc3 Nc6 5. e3 g5 6. Bg3 Ne4 7. Nxe4 dxe4 8.
Bb5 Bd7 9. f3 a6 10. Ba4 exf3 11. Nxf3 e6 12. O-O Bd6 13. Ne5 Nxe5 14. dxe5
Bxa4 15. exd6 cxd6 16. Qd4 1-0

[Event "6. Torneo Aficionados Bali - Sub-2000"]
[Site "Benidorm ESP"]
[Date "2007.12.01"]
[Round "2.12"]
[White "Gomez, Augustin R"]
[Black "Benito Alba, Eladio"]
[Result "1/2-1/2"]
[WhiteElo "1988"]
[BlackElo "1882"]
[PlyCount "50"]
[EventDate "2007.11.30"]
[EventType "swiss"]
[EventRounds "9"]
[EventCountry "ESP"]
[Source "lmi"]
[SourceDate "2007.11.30"]

1. f4 Nf6 2. Nf3 d5 3. e3 c5 4. b3 g6 5. Bb2 Bg7 6. Be2 Nc6 7. O-O O-O 8. Ne5
e6 9. d4 Ne4 10. Nd2 cxd4 11. exd4 f5 12. Nxe4 fxe4 13. Qd2 Qe7 14. a4 Bxe5 15.
fxe5 Rxf1+ 16. Rxf1 Bd7 17. c3 Rf8 18. Qc1 Rxf1+ 19. Bxf1 Qf7 20. Bb5 a6 21.
Bxc6 Bxc6 22. Qe3 b5 23. a5 Qf5 24. Ba3 Kg7 25. h3 h5 1/2-1/2

[Event "6. Torneo Aficionados Bali - Sub-2000"]
[Site "Benidorm ESP"]
[Date "2007.12.01"]
[Round "2.13"]
[White "Vazquez Rodriguez, Jorge"]
[Black "Garcia Domingo, Jose Antonio"]
[Result "1-0"]
[WhiteElo "1863"]
[BlackElo "1966"]
[PlyCount "45"]
[EventDate "2007.11.30"]
[EventType "swiss"]
[EventRounds "9"]
[EventCountry "ESP"]
[Source "lmi"]
[SourceDate "2007.11.30"]

1. e4 e5 2. Nf3 f5 3. d4 fxe4 4. Nxe5 Nf6 5. Bc4 d5 6. Be2 Bd6 7. c4 O-O 8.
cxd5 Nbd7 9. Nc4 Bb4+ 10. Bd2 Qe7 11. Bxb4 Qxb4+ 12. Qd2 Nxd5 13. Nc3 Nf4 14.
O-O Qe7 15. Ne3 Nf6 16. Bc4+ Kh8 17. Rae1 Be6 18. Qc2 Bxc4 19. Nxc4 Qf7 20. Ne5
Qh5 21. Nxe4 Rad8 22. Ng3 Qh6 23. Qxc7 1-0

[Event "6. Torneo Aficionados Bali - Sub-2000"]
[Site "Benidorm ESP"]
[Date "2007.12.01"]
[Round "2.14"]
[White "Dominguez Marquez, Juan Carlos"]
[Black "Mercadal Melia, Dante"]
[Result "1-0"]
[WhiteElo "1849"]
[BlackElo "1959"]
[PlyCount "95"]
[EventDate "2007.11.30"]
[EventType "swiss"]
[EventRounds "9"]
[EventCountry "ESP"]
[Source "lmi"]
[SourceDate "2007.11.30"]

1. e4 b6 2. d4 Bb7 3. Bd3 e6 4. Nf3 Nf6 5. Qe2 d5 6. e5 Ne4 7. Nbd2 Nxd2 8.
Bxd2 Be7 9. c3 a5 10. O-O Ba6 11. c4 Bxc4 12. Bxc4 dxc4 13. Qxc4 O-O 14. Rac1
c6 15. Rfd1 Qd5 16. Be3 b5 17. Qxd5 exd5 18. Bg5 Bxg5 19. Nxg5 h6 20. Nh3 a4
21. f4 g6 22. Nf2 a3 23. b3 Rc8 24. Nd3 Na6 25. Rc2 Ra7 26. g4 b4 27. f5 Kg7
28. f6+ Kf8 29. Rdc1 Rac7 30. Kg2 g5 31. h4 Ke8 32. Nc5 Nxc5 33. Rxc5 gxh4 34.
Rh1 Kd7 35. Rxh4 Rg8 36. Kf3 Rg6 37. Kf4 Rc8 38. Ra5 Rc7 39. Rh2 Rc8 40. Rc2
Rgg8 41. Ra6 Rg5 42. Ra4 Rcg8 43. Rg2 h5 44. Ra7+ Kc8 45. Rxf7 hxg4 46. Rf8+
Rxf8 47. Kxg5 Kd7 48. Kf5 1-0

[Event "6. Torneo Aficionados Bali - Sub-2000"]
[Site "Benidorm ESP"]
[Date "2007.12.01"]
[Round "2.15"]
[White "Calderon Campos, Jose Carlos"]
[Black "Rodriguez Marcos, Jose Ramon"]
[Result "1/2-1/2"]
[WhiteElo "1818"]
[BlackElo "1985"]
[PlyCount "49"]
[EventDate "2007.11.30"]
[EventType "swiss"]
[EventRounds "9"]
[EventCountry "ESP"]
[Source "lmi"]
[SourceDate "2007.11.30"]

1. e4 c5 2. Nc3 a6 3. g3 d6 4. Bg2 Nf6 5. d3 Nc6 6. Nge2 Bd7 7. O-O g6 8. Be3
Bg7 9. Qd2 O-O 10. Bh6 b5 11. Bxg7 Kxg7 12. d4 cxd4 13. Nxd4 Ne5 14. b3 Rc8 15.
Nd5 e6 16. Nxf6 Qxf6 17. f4 Ng4 18. Nf3 Qc3 19. Qxc3+ Rxc3 20. Ne1 e5 21. Rf3
Rfc8 22. Rd1 Rxf3 23. Bxf3 Rc3 24. Rd2 Bc8 25. Nd3 1/2-1/2

[Event "6. Torneo Aficionados Bali - Sub-2000"]
[Site "Benidorm ESP"]
[Date "2007.12.01"]
[Round "2.16"]
[White "Castillo Lorente, Jose Luis"]
[Black "Rodriguez Ferrer, Pablo"]
[Result "1-0"]
[WhiteElo "1796"]
[BlackElo "1948"]
[PlyCount "61"]
[EventDate "2007.11.30"]
[EventType "swiss"]
[EventRounds "9"]
[EventCountry "ESP"]
[Source "lmi"]
[SourceDate "2007.11.30"]

1. d4 Nf6 2. c4 c5 3. d5 e6 4. Nc3 exd5 5. cxd5 d6 6. e4 g6 7. f4 Bg7 8. Bb5+
Nfd7 9. Bc4 O-O 10. Nf3 Na6 11. O-O Nc7 12. a4 b6 13. Qd3 a6 14. Bd2 Rb8 15.
Rab1 b5 16. axb5 Nb6 17. b3 axb5 18. Nxb5 Nxb5 19. Bxb5 f5 20. e5 dxe5 21. Nxe5
Qd6 22. Nc6 Ra8 23. Bc4 Bb7 24. Rfe1 Rfe8 25. Rxe8+ Rxe8 26. Bc3 Bxc3 27. Qxc3
Re4 28. Re1 Nxd5 29. Rxe4 Bxc6 30. Qe5 Qd7 31. Qe6+ 1-0

[Event "6. Torneo Aficionados Bali - Sub-2000"]
[Site "Benidorm ESP"]
[Date "2007.12.01"]
[Round "2.23"]
[White "Gonzalo Gonzalez, Francisco"]
[Black "Martin Manzano, Antonio"]
[Result "1-0"]
[WhiteElo "1890"]
[BlackElo "1992"]
[PlyCount "47"]
[EventDate "2007.11.30"]
[EventType "swiss"]
[EventRounds "9"]
[EventCountry "ESP"]
[Source "lmi"]
[SourceDate "2007.11.30"]

1. e4 e5 2. Bc4 Nf6 3. d3 c6 4. c3 d5 5. exd5 cxd5 6. Bb5+ Bd7 7. Qb3 a6 8.
Bxd7+ Qxd7 9. Nf3 Nc6 10. O-O Bd6 11. Bg5 Be7 12. Re1 h6 13. Bh4 g5 14. Bg3 e4
15. dxe4 dxe4 16. Ne5 Nxe5 17. Bxe5 O-O-O 18. Nd2 e3 19. fxe3 Qd5 20. Nc4 Nd7
21. Rad1 Qc6 22. Rxd7 Rxd7 23. Bxh8 b5 24. Ne5 1-0

[Event "6. Torneo Aficionados Bali - Sub-2000"]
[Site "Benidorm ESP"]
[Date "2007.12.01"]
[Round "2.25"]
[White "Vazquez Abad, Juan C"]
[Black "Moran Llera, Jose Angel"]
[Result "1-0"]
[WhiteElo "1953"]
[BlackElo "1858"]
[PlyCount "74"]
[EventDate "2007.11.30"]
[EventType "swiss"]
[EventRounds "9"]
[EventCountry "ESP"]
[Source "lmi"]
[SourceDate "2007.11.30"]

1. d4 Nf6 2. Nf3 g6 3. c4 Bg7 4. Nc3 O-O 5. e4 d6 6. Be2 Na6 7. O-O e5 8. dxe5
dxe5 9. Qxd8 Rxd8 10. Bg5 c6 11. Nxe5 Re8 12. f4 Nc5 13. Bf3 Ne6 14. Bxf6 Bxf6
15. Nd3 Nd4 16. e5 Be7 17. c5 Bf5 18. Be4 Be6 19. b4 Bc4 20. Rfd1 f5 21. exf6
Bxf6 22. Ne5 Bxe5 23. fxe5 Rad8 24. b5 Rxe5 25. bxc6 bxc6 26. Rac1 Ne2+ 27.
Nxe2 Rxd1+ 28. Rxd1 Rxe4 29. Nc3 Re3 30. Rc1 Rd3 31. Rc2 Kg7 32. Kf2 Rd7 33.
Ne4 Bd5 34. Nd6 Re7 35. Rb2 Kf6 36. a4 Rd7 37. a5 a6 1-0

[Event "6. Torneo Aficionados Bali - Sub-2000"]
[Site "Benidorm ESP"]
[Date "2007.12.01"]
[Round "2.31"]
[White "Marcos Robles, Juan Antonio"]
[Black "Lastras Hernandez, Tomas"]
[Result "1-0"]
[WhiteElo "1874"]
[BlackElo "1963"]
[PlyCount "79"]
[EventDate "2007.11.30"]
[EventType "swiss"]
[EventRounds "9"]
[EventCountry "ESP"]
[Source "lmi"]
[SourceDate "2007.11.30"]

1. e4 c5 2. Nf3 Nc6 3. d4 cxd4 4. Nxd4 d6 5. Be3 Nf6 6. Bb5 Qc7 7. Nc3 e6 8.
O-O Be7 9. Bd3 a6 10. Nxc6 bxc6 11. f4 O-O 12. Qe2 Bb7 13. b3 c5 14. Rf3 d5 15.
e5 Ne4 16. Bxe4 dxe4 17. Rh3 f5 18. Qh5 h6 19. Qg6 c4 20. Qxe6+ Kh7 21. Rg3 Bb4
22. Na4 cxb3 23. cxb3 Ba3 24. Nb6 Rad8 25. Nc4 Bc5 26. Bxc5 Qxc5+ 27. Kh1 Qc6
28. Nd6 Qd7 29. Qg6+ Kh8 30. h3 Bd5 31. Rd1 Bg8 32. Kh2 Bh7 33. Nf7+ Rxf7 34.
Rxd7 Rfxd7 35. Qxa6 Rd3 36. e6 Rxg3 37. Kxg3 Bg6 38. e7 Rd3+ 39. Kh2 Kh7 40.
Qxg6+ 1-0

[Event "6. Torneo Aficionados Bali - Sub-2000"]
[Site "Benidorm ESP"]
[Date "2007.12.01"]
[Round "2.32"]
[White "Franco Arroyo, Fernando"]
[Black "De La Calle Llopis, Juan"]
[Result "0-1"]
[WhiteElo "1985"]
[BlackElo "1956"]
[PlyCount "34"]
[EventDate "2007.11.30"]
[EventType "swiss"]
[EventRounds "9"]
[EventCountry "ESP"]
[Source "lmi"]
[SourceDate "2007.11.30"]

1. e4 c6 2. d4 d5 3. e5 Bf5 4. Nf3 e6 5. Be2 c5 6. c3 Nc6 7. a3 c4 8. Nbd2 Nge7
9. h3 Qc7 10. Nh4 O-O-O 11. Nxf5 Nxf5 12. Rb1 f6 13. exf6 gxf6 14. b3 cxb3 15.
Nxb3 Rg8 16. Bg4 Ng7 17. O-O Kb8 0-1

[Event "6. Torneo Aficionados Bali - Sub-2000"]
[Site "Benidorm ESP"]
[Date "2007.12.01"]
[Round "2.33"]
[White "Garcia Iturriaga, Manuel"]
[Black "Diaz Narvaez, Jose"]
[Result "1-0"]
[WhiteElo "1929"]
[BlackElo "1864"]
[PlyCount "61"]
[EventDate "2007.11.30"]
[EventType "swiss"]
[EventRounds "9"]
[EventCountry "ESP"]
[Source "lmi"]
[SourceDate "2007.11.30"]

1. f4 d5 2. Nf3 Nc6 3. e3 a6 4. Be2 e6 5. b3 Nf6 6. Bb2 Bd6 7. O-O Qe7 8. Ne5
O-O 9. Qe1 Ne8 10. Nxc6 bxc6 11. c4 f5 12. Qg3 a5 13. Nc3 Ba6 14. Rac1 Ba3 15.
Rc2 Bxb2 16. Rxb2 Rb8 17. d3 Nf6 18. Rc2 Rfc8 19. Rfc1 Nd7 20. Nb1 Nb6 21. Nd2
Rb7 22. Nf3 Nd7 23. Qh3 Qf6 24. Ng5 h6 25. Nf3 Qe7 26. Qg3 dxc4 27. bxc4 c5 28.
Nh4 Nf8 29. Bh5 Rcb8 30. e4 fxe4 31. dxe4 1-0

[Event "6. Torneo Aficionados Bali - Sub-2000"]
[Site "Benidorm ESP"]
[Date "2007.12.01"]
[Round "2.35"]
[White "Rico Sanchez, Julio"]
[Black "Delicado Falco, Juan"]
[Result "1-0"]
[WhiteElo "1894"]
[BlackElo "1803"]
[PlyCount "73"]
[EventDate "2007.11.30"]
[EventType "swiss"]
[EventRounds "9"]
[EventCountry "ESP"]
[Source "lmi"]
[SourceDate "2007.11.30"]

1. d4 d5 2. c4 Nf6 3. Nc3 e6 4. e3 c6 5. Nf3 Nbd7 6. Bd3 Bb4 7. O-O Bxc3 8.
bxc3 O-O 9. Qc2 Nb6 10. cxd5 exd5 11. Nd2 Re8 12. e4 dxe4 13. Nxe4 Nxe4 14.
Bxe4 g6 15. Bd3 Be6 16. f4 Bc4 17. f5 Bxd3 18. Qxd3 Qd5 19. Bh6 Re4 20. fxg6
hxg6 21. Qf3 f5 22. h3 Rae8 23. Qg3 Kh7 24. Bf4 Nd7 25. Qh4+ Kg7 26. Qh6+ Kf7
27. Qh7+ Kf6 28. h4 Qf7 29. Bg5+ Ke6 30. Qh6 Nf6 31. Bf4 Nh5 32. Be5 Rxh4 33.
Rae1 Kd7 34. Qc1 Qh7 35. Qa3 a6 36. Qd6+ Kc8 37. Qb8+ 1-0

[Event "6. Torneo Aficionados Bali - Sub-2000"]
[Site "Benidorm ESP"]
[Date "2007.12.01"]
[Round "2.38"]
[White "Lopez Gallego, Miguel Angel"]
[Black "Ruiz Alonso, Carlos"]
[Result "1-0"]
[WhiteElo "1911"]
[BlackElo "1680"]
[PlyCount "63"]
[EventDate "2007.11.30"]
[EventType "swiss"]
[EventRounds "9"]
[EventCountry "ESP"]
[Source "lmi"]
[SourceDate "2007.11.30"]

1. e4 e5 2. Nf3 Nc6 3. Bc4 Bc5 4. O-O Nf6 5. d3 h6 6. a3 d6 7. b4 Bb6 8. Bb2
Bg4 9. Nbd2 O-O 10. c3 Nh5 11. Qc2 Nf4 12. d4 Qf6 13. h3 Nxh3+ 14. Kh1 Nf4 15.
Nh2 Qg5 16. Rg1 exd4 17. Ndf3 Bxf3 18. gxf3 Qf6 19. Rg3 dxc3 20. Bxc3 Bd4 21.
Bxd4 Nxd4 22. Qc3 Kh8 23. Re1 b5 24. Bd3 Nxd3 25. Qxd3 c5 26. Rb1 c4 27. Qe3
Rab8 28. Ng4 Qh4+ 29. Kg2 Nc2 30. Qc3 Nxa3 31. Qxa3 Qe7 32. Qc3 1-0

[Event "6. Torneo Aficionados Bali - Sub-2000"]
[Site "Benidorm ESP"]
[Date "2007.12.01"]
[Round "2.48"]
[White "Perez Ferris, Miguel"]
[Black "Moya Garcia, Jose Virgilio"]
[Result "1-0"]
[WhiteElo "1972"]
[BlackElo "1668"]
[PlyCount "81"]
[EventDate "2007.11.30"]
[EventType "swiss"]
[EventRounds "9"]
[EventCountry "ESP"]
[Source "lmi"]
[SourceDate "2007.11.30"]

1. d4 Nf6 2. Bg5 h6 3. Bxf6 exf6 4. e3 d5 5. g3 c6 6. Bg2 Qb6 7. b3 Be6 8. Ne2
Bb4+ 9. c3 Be7 10. O-O Nd7 11. Nd2 f5 12. c4 dxc4 13. bxc4 Nf6 14. Qc2 O-O 15.
Rfb1 Qc7 16. Qa4 Bd7 17. Qc2 Rab8 18. a4 a6 19. Nf4 Bd6 20. Nd3 Ng4 21. a5 Rfe8
22. c5 Bf8 23. Rb6 g5 24. Rab1 Bg7 25. Nc4 Bf8 26. Qb2 h5 27. Rxb7 Rxb7 28.
Qxb7 Qd8 29. Nde5 Nxe5 30. Nxe5 Re7 31. Qxa6 h4 32. Nxd7 Rxd7 33. Qb6 hxg3 34.
Qxd8 gxh2+ 35. Kxh2 Rxd8 36. Bxc6 f4 37. a6 fxe3 38. fxe3 Rc8 39. a7 Rxc6 40.
a8=Q Rh6+ 41. Kg2 1-0

[Event "6. Torneo Aficionados Bali - Sub-2000"]
[Site "Benidorm ESP"]
[Date "2007.12.02"]
[Round "3.1"]
[White "Soler Nadal, Jose Antonio"]
[Black "Hajenius, Willem"]
[Result "0-1"]
[WhiteElo "1820"]
[BlackElo "1998"]
[PlyCount "48"]
[EventDate "2007.11.30"]
[EventType "swiss"]
[EventRounds "9"]
[EventCountry "ESP"]
[Source "lmi"]
[SourceDate "2007.11.30"]

1. c4 f5 2. Nc3 Nf6 3. g3 g6 4. Bg2 Bg7 5. d3 c6 6. Nf3 d6 7. Bg5 h6 8. Bc1 e5
9. e4 g5 10. exf5 Bxf5 11. Qe2 O-O 12. O-O Na6 13. Ne1 Qd7 14. f3 Rae8 15. b4
Nxb4 16. Rb1 Na6 17. Ba3 Rf7 18. Ne4 c5 19. Nc2 b6 20. g4 Bg6 21. Bc1 Nc7 22.
h4 d5 23. Nxg5 hxg5 24. Bxg5 dxc4 0-1

[Event "6. Torneo Aficionados Bali - Sub-2000"]
[Site "Benidorm ESP"]
[Date "2007.12.02"]
[Round "3.2"]
[White "Alvarez Escudero, Manuel"]
[Black "Ruiz Ureta, Ernesto"]
[Result "0-1"]
[WhiteElo "1920"]
[BlackElo "2159"]
[PlyCount "90"]
[EventDate "2007.11.30"]
[EventType "swiss"]
[EventRounds "9"]
[EventCountry "ESP"]
[Source "lmi"]
[SourceDate "2007.11.30"]

1. e4 e5 2. Nf3 Nc6 3. Bb5 a6 4. Ba4 Nf6 5. c3 b5 6. Bc2 Bc5 7. d4 exd4 8. cxd4
Bb4+ 9. Nc3 d5 10. Qe2 dxe4 11. Bxe4 Nxe4 12. Qxe4+ Qe7 13. O-O Qxe4 14. Nxe4
Bg4 15. Be3 Bxf3 16. gxf3 Rd8 17. Rac1 Nxd4 18. Bxd4 Rxd4 19. Rxc7 O-O 20. a3
f5 21. Ng5 Ba5 22. Rxg7+ Kxg7 23. Ne6+ Kf6 24. Nxd4 Bb6 25. Ne2 Rg8+ 26. Kh1
Rd8 27. Rc1 Re8 28. Rc6+ Re6 29. Rxe6+ Kxe6 30. Kg2 Kd5 31. b3 Bc5 32. a4 bxa4
33. Nc3+ Kc6 34. bxa4 Kb6 35. Kg3 Bd6+ 36. f4 Kc5 37. Kf3 Kb4 38. Nd5+ Kxa4 39.
Ne3 a5 40. Nxf5 Bc5 41. Ne3 Kb3 42. Ke2 a4 43. Nf1 a3 44. Nd2+ Kc2 45. Ne4 Bd4
0-1

[Event "6. Torneo Aficionados Bali - Sub-2000"]
[Site "Benidorm ESP"]
[Date "2007.12.02"]
[Round "3.3"]
[White "Perez Ferris, Miguel"]
[Black "Rios Torondell, Jaume"]
[Result "1/2-1/2"]
[WhiteElo "1972"]
[BlackElo "1981"]
[PlyCount "92"]
[EventDate "2007.11.30"]
[EventType "swiss"]
[EventRounds "9"]
[EventCountry "ESP"]
[Source "lmi"]
[SourceDate "2007.11.30"]

1. d4 e6 2. c4 Nf6 3. Nf3 b6 4. g3 Ba6 5. b3 d5 6. Bg2 Bb7 7. O-O Be7 8. Bb2
O-O 9. Nbd2 Ne4 10. Nxe4 dxe4 11. Nd2 f5 12. e3 Bf6 13. Qc2 Nd7 14. f3 exf3 15.
Nxf3 Be4 16. Qe2 a5 17. a3 c5 18. a4 Qc7 19. Rad1 Rad8 20. Rd2 g5 21. h4 Qxg3
22. hxg5 Bxf3 23. Rxf3 Qxg5 24. Qf2 Qh4 25. Rg3+ Kf7 26. d5 e5 27. d6 e4 28.
Rd5 Rg8 29. Bxf6 Qxg3 30. Qxg3 Rxg3 31. Bxd8 Rxe3 32. Rxf5+ Ke6 33. Kf2 Rxb3
34. Bxe4 Ne5 35. Bc7 Ng4+ 36. Kf1 Ne3+ 37. Kg1 Nxf5 38. Bxf5+ Kxf5 39. d7 Rd3
40. d8=Q Rxd8 41. Bxd8 Ke4 42. Bxb6 Kd4 43. Bxa5 Kxc4 44. Bc3 Kd5 45. a5 Kc6
46. Kh2 Kb7 1/2-1/2

[Event "6. Torneo Aficionados Bali - Sub-2000"]
[Site "Benidorm ESP"]
[Date "2007.12.02"]
[Round "3.4"]
[White "Sanz Garcia, Roberto"]
[Black "Garcia Sanchez, Jose Manuel"]
[Result "0-1"]
[WhiteElo "1937"]
[BlackElo "1928"]
[PlyCount "29"]
[EventDate "2007.11.30"]
[EventType "swiss"]
[EventRounds "9"]
[EventCountry "ESP"]
[Source "lmi"]
[SourceDate "2007.11.30"]

1. e4 c5 2. Nf3 d6 3. d4 cxd4 4. Nxd4 Nf6 5. Nc3 a6 6. f3 e6 7. Be3 Be7 8. Qd2
Qc7 9. g4 Nc6 10. Nb3 O-O 11. h4 Ne5 12. Qe2 b5 13. O-O-O Bb7 14. Qf2 Nfd7 15.
a3 0-1

[Event "6. Torneo Aficionados Bali - Sub-2000"]
[Site "Benidorm ESP"]
[Date "2007.12.02"]
[Round "3.5"]
[White "Gil Quilez, Sonia"]
[Black "Bendayan Claros, Aaron"]
[Result "0-1"]
[WhiteElo "1935"]
[BlackElo "1914"]
[PlyCount "50"]
[EventDate "2007.11.30"]
[EventType "swiss"]
[EventRounds "9"]
[EventCountry "ESP"]
[Source "lmi"]
[SourceDate "2007.11.30"]

1. d4 d5 2. c4 e6 3. Nc3 c6 4. Nf3 f5 5. Bf4 Bd6 6. Bxd6 Qxd6 7. e3 Nf6 8. Bd3
O-O 9. Qc2 Ne4 10. Ne5 Nd7 11. cxd5 exd5 12. Nxd7 Bxd7 13. Qb3 Kh8 14. Qc2 Rae8
15. O-O Rf6 16. Rfe1 Rh6 17. g3 Ng5 18. Kg2 f4 19. h4 f3+ 20. Kh1 Rxh4+ 21.
gxh4 Qh6 22. Rec1 Qxh4+ 23. Kg1 Qh3 24. Bf1 Qg4+ 25. Kh2 Re6 0-1

[Event "6. Torneo Aficionados Bali - Sub-2000"]
[Site "Benidorm ESP"]
[Date "2007.12.02"]
[Round "3.6"]
[White "Larranaga Aldalur, Jose Joaquin"]
[Black "Buscaglia, Claudio"]
[Result "1/2-1/2"]
[WhiteElo "1951"]
[BlackElo "1991"]
[PlyCount "68"]
[EventDate "2007.11.30"]
[EventType "swiss"]
[EventRounds "9"]
[EventCountry "ESP"]
[Source "lmi"]
[SourceDate "2007.11.30"]

1. e4 e5 2. d4 exd4 3. c3 d5 4. exd5 Qxd5 5. cxd4 Nc6 6. Nf3 Bg4 7. Be2 Bb4+ 8.
Nc3 Bxf3 9. Bxf3 Qc4 10. Qb3 Qxb3 11. Bxc6+ bxc6 12. axb3 Ne7 13. O-O a5 14.
Bf4 O-O-O 15. Rfd1 Rhe8 16. Kf1 Kb7 17. Rac1 Rd7 18. Na4 Red8 19. Rc4 Rd5 20.
g4 R5d7 21. Be3 Nd5 22. Nc5+ Bxc5 23. Rxc5 Re8 24. Bc1 Re4 25. f3 Ne3+ 26. Bxe3
Rxe3 27. Rc3 Rde7 28. Rdc1 Re2 29. R1c2 Re1+ 30. Kf2 Rh1 31. Kg3 Rd1 32. Rxc6
Rxd4 33. R6c5 Rd3 34. Rxa5 Rxb3 1/2-1/2

[Event "6. Torneo Aficionados Bali - Sub-2000"]
[Site "Benidorm ESP"]
[Date "2007.12.02"]
[Round "3.7"]
[White "Lameti, Mohamed"]
[Black "Quintino, Luis Filipe Pires D"]
[Result "0-1"]
[WhiteElo "1931"]
[BlackElo "1989"]
[PlyCount "98"]
[EventDate "2007.11.30"]
[EventType "swiss"]
[EventRounds "9"]
[EventCountry "ESP"]
[Source "lmi"]
[SourceDate "2007.11.30"]

1. d4 d5 2. c4 c6 3. Nc3 Nf6 4. Nf3 g6 5. Bf4 Bg7 6. e3 O-O 7. Be2 Bg4 8. cxd5
Nxd5 9. Nxd5 cxd5 10. O-O Nc6 11. Rc1 Rc8 12. Qd2 Qa5 13. Qxa5 Nxa5 14. b3 Rxc1
15. Rxc1 Rc8 16. Rxc8+ Bxc8 17. Nd2 Nc6 18. a3 e5 19. dxe5 Nxe5 20. Nf3 Nc6 21.
Bd6 Bb2 22. Ne1 Ne5 23. h3 Be6 24. f4 Nc6 25. Nd3 Bc3 26. Nc5 b6 27. Nxe6 fxe6
28. Bd3 Kf7 29. Kf1 e5 30. Bb5 Na5 31. b4 Nc4 32. Bxc4 dxc4 33. fxe5 b5 34. Bc5
Bxe5 35. Bxa7 Bb2 36. Bc5 Bxa3 37. Ke2 Ke6 38. Kd2 Bb2 39. Bf8 Kd5 40. g4 Be5
41. h4 h5 42. gxh5 gxh5 43. Be7 Ke4 44. Bg5 Kf3 45. Kc2 Kg4 46. Kd2 Bg3 47. e4
Bf4+ 48. Ke2 Bxg5 49. hxg5 Kxg5 0-1

[Event "6. Torneo Aficionados Bali - Sub-2000"]
[Site "Benidorm ESP"]
[Date "2007.12.02"]
[Round "3.9"]
[White "Tung, Siu Hung"]
[Black "Barranco Cara, Francisco Javier"]
[Result "0-1"]
[WhiteElo "1978"]
[BlackElo "1915"]
[PlyCount "91"]
[EventDate "2007.11.30"]
[EventType "swiss"]
[EventRounds "9"]
[EventCountry "ESP"]
[Source "lmi"]
[SourceDate "2007.11.30"]

1. e4 c5 2. Nf3 d6 3. d4 cxd4 4. Nxd4 Nf6 5. Nc3 a6 6. a4 e5 7. Nb3 Be6 8. Be2
Be7 9. O-O O-O 10. Be3 Nbd7 11. Kh1 Rc8 12. f4 exf4 13. Rxf4 Ne5 14. Nd4 Bc4
15. Nf5 Re8 16. Bd4 Bf8 17. Qe1 Bxe2 18. Qxe2 d5 19. Rd1 Qc7 20. Rdf1 Kh8 21.
Qf2 dxe4 22. Nxe4 Nd5 23. Rh4 Ng6 24. Rh3 Rxe4 25. Qd2 Ndf4 26. Rc3 Qb8 27.
Rcf3 Re2 28. Qd1 Rcxc2 29. Bf2 Red2 30. Qa1 Nd3 31. Bg3 Qc8 32. Qa2 Qe6 33.
Qxe6 fxe6 34. Nd4 Rc1 35. Nxe6 Rdd1 36. Kg1 Bc5+ 37. Nxc5 Rxf1+ 38. Rxf1 Rxf1+
39. Kxf1 Nxc5 40. a5 Kg8 41. Ke2 Kf7 42. Bd6 Ne4 43. Bb4 Ke6 44. Ke3 Kd5 45. b3
Ne5 46. h3 0-1